000 01477nam a2200349 i 4500
001 114987
003 ES-MaACL
005 20251204122007.0
007 t|
008 070214s1928 sp a |||| | spa d
080 _a821.134.2-2"19"
100 1 _aBorrás, Tomás,
_d1891-1976
_930556
245 1 0 _aEn plena locura
_b: revista en veintiún cuadros /
_cTomás Borrás y S. Franco Padilla ; música de Benlloch, Granados y Terés ; figurines de José Zamora ; decorado de Manuel Fontanals y hermanos Tarazona ; dirección escénica de Eulogio Velasco.
260 _aMadrid :
_bRivadeneyra,
_c1928.
300 _a48 p. :
_bil. ;
_c18 cm.
490 1 _aLa Farsa ;
_vSuplemento
500 _aEstrenada en el teatro Victoria Eugenia de San Sebastián el 7 de octubre de 1926, y en Madrid, en el Teatro de Price, el 10 de febrero de 1928.
530 _aDisponible en formato digital.
700 1 _aFranco Padilla, S.
_952259
700 1 _aBenlloch, Julián.
_927718
700 1 _aGranados, Enrique.
_959558
700 1 _aTerés, Bernardino.
_9109736
700 1 _aZamora, José (
_d1889-1971)
_9158716
700 1 _aFontanals, Manuel (
_d1893-1972)
_9164363
700 1 _aTarazona.
_9109267
700 1 _aVelasco, Eulogio.
_9113716
830 0 _aLa Farsa ;
_vSuplemento
_9185863
852 _aES-MaACL
_jC-13225
_cSPAL
856 4 _uhttp://www.archive.org/details/enplenalocurarev00benl
_y(Internet Archive)
942 _2udc
999 _c114987
_d114987